محمد بن خليفة 1813-1890م الأسطورة و التاريخ الموازي / (Record no. 29073)

MARC details
000 -LEADER
fixed length control field 00634nam a22001937a 4500
005 - DATE AND TIME OF LATEST TRANSACTION
control field 20251108165503.0
008 - FIXED-LENGTH DATA ELEMENTS--GENERAL INFORMATION
fixed length control field 250721s1999 xx 000 0 ara d
082 14 - DEWEY DECIMAL CLASSIFICATION NUMBER
Classification number م/956.67/مي
100 1# - MAIN ENTRY--PERSONAL NAME
Personal name خليفه، مي محمد
245 10 - TITLE STATEMENT
Title محمد بن خليفة 1813-1890م الأسطورة و التاريخ الموازي /
250 ## - EDITION STATEMENT
Edition statement ط2
264 1# - PRODUCTION, PUBLICATION, DISTRIBUTION, MANUFACTURE, AND COPYRIGHT NOTICE
Place of production, publication, distribution, manufacture بيروت :
Name of producer, publisher, distributor, manufacturer المؤسسة العربية للدراسات،
Date of production, publication, distribution, manufacture, or copyright notice 1999.
300 ## - PHYSICAL DESCRIPTION
Extent 995ص
650 17 - SUBJECT ADDED ENTRY--TOPICAL TERM
Topical term or geographic name as entry element تاريخ البحرين
650 17 - SUBJECT ADDED ENTRY--TOPICAL TERM
Topical term or geographic name as entry element التاريخ السياسي
650 17 - SUBJECT ADDED ENTRY--TOPICAL TERM
Topical term or geographic name as entry element الإستعمار البريطاني
942 ## - ADDED ENTRY ELEMENTS (KOHA)
Source of classification or shelving scheme Dewey Decimal Classification
Koha item type References
Holdings
حالة السحب حالة الفقدان مصدر التصنيف حالة التلف غير قابل للإعارة المكتبة الرئيسية المكتبة الحالية موقع الرف تاريخ التزويد الرقم المتسلسل Total Checkouts رقم الإستدعاء الباركود تاريخ آخر ظهور تاريخ الفاتورة نوع المادة (كوها)
    Dewey Decimal Classification   Not For Loan المكتبة المركزية المكتبة المركزية مراجع 06/07/2004 338818   م/956.67/مي 338818 28/07/2025 06/07/2004 References
    Dewey Decimal Classification   Not For Loan مكتبة الاميرة بديعة مكتبة الاميرة بديعة مراجع 06/07/2004 338823   م/956.67/مي 338823 28/07/2025 06/07/2004 References
    Dewey Decimal Classification     مكتبة البراعم الواعدة مكتبة البراعم الواعدة الإعارة 24/10/2015 1473938   م/956.67/مي PLD00358999 28/07/2025 24/10/2015 References
    Dewey Decimal Classification   Not For Loan مكتبة الجويدة مكتبة الجويدة مراجع 06/07/2004 338824   م/956.67/مي 338824 28/07/2025 06/07/2004 References
    Dewey Decimal Classification   Not For Loan مكتبة الحسن العامة مكتبة الحسن العامة مراجع 06/07/2004 338825   م/956.67/مي 338825 28/07/2025 06/07/2004 References
    Dewey Decimal Classification   Not For Loan مكتبة صويلح العامة مكتبة صويلح العامة مراجع 06/07/2004 338821   م/956.67/مي 338821 28/07/2025 06/07/2004 References
Implemented & Customized by: BBB with SCIT (Smart Chains for Information Technology)

Powered by Koha